The American tradition in literature

Widely known as the anthology that best meshes tradition with innovation, The American Tradition in Literature enters its fifth decade of leadership among textbook anthologies of American Literature. Literary merit remains the guiding principle of selection; flexibility of organization, with Walt Wh...

Cijeli opis

Spremljeno u:
Bibliografski detalji
Format: Knjiga
Jezik:Undetermined
Izdano: Boston, MA McGraw-Hill 2002
Teme:
Oznake: Dodaj oznaku
Bez oznaka, Budi prvi tko označuje ovaj zapis!
Thư viện lưu trữ: Trung tâm Học liệu Trường Đại học Cần Thơ
LEADER 00879nam a2200181Ia 4500
001 CTU_125875
008 210402s9999 xx 000 0 und d
082 |a 810.8 
082 |b A512/Vol.2 
245 4 |a The American tradition in literature 
245 0 |c edited by Geoge Perkins , Barbara Perkins 
260 |a Boston, MA 
260 |b McGraw-Hill 
260 |c 2002 
520 |a Widely known as the anthology that best meshes tradition with innovation, The American Tradition in Literature enters its fifth decade of leadership among textbook anthologies of American Literature. Literary merit remains the guiding principle of selection; flexibility of organization, with Walt Whitman represented in both volumes, continues to be one of the text's hallmarks 
650 |a American literature 
904 |i Lê Giang 
980 |a Trung tâm Học liệu Trường Đại học Cần Thơ